UBT Library

The Court and the Constitution. (Record no. 44477)

000 -LEADER
fixed length control field 00517cam a2200217 4500
001 - CONTROL NUMBER
control field 2653723
005 - DATE AND TIME OF LATEST TRANSACTION
control field 20180308074008.0
008 - FIXED-LENGTH DATA ELEMENTS--GENERAL INFORMATION
fixed length control field 691022r1969 nyu 001 0 eng
010 ## - LIBRARY OF CONGRESS CONTROL NUMBER
LC control number 70086057
020 ## - INTERNATIONAL STANDARD BOOK NUMBER
International Standard Book Number 080460584X
040 ## - CATALOGING SOURCE
Original cataloging agency DLC
Transcribing agency DLC
Modifying agency DLC
041 ## - LANGUAGE CODE
Language code of text/sound track or separate title eng
043 ## - GEOGRAPHIC AREA CODE
Geographic area code n-us---
080 ## - UNIVERSAL DECIMAL CLASSIFICATION NUMBER
Universal Decimal Classification number 342.7303 owe
082 00 - DEWEY DECIMAL CLASSIFICATION NUMBER
Classification number 342.7303 owe
100 1# - Rafti
Rafti 14
101 ## - Shkurtesa
Shkurtesa shj
245 14 - TITLE STATEMENT
Title The Court and the Constitution.
906 ## - LOCAL DATA ELEMENT F, LDF (RLIN)
a 7
b cbc
c orignew
d u
e ncip
f 19
g y-gencatlg
942 ## - ADDED ENTRY ELEMENTS (KOHA)
Source of classification or shelving scheme
Item type Books
Holdings
Withdrawn status Lost status Source of classification or shelving scheme Damaged status Not for loan Collection code Permanent location Current location Shelving location Date acquired Total Checkouts Full call number Barcode Date last seen Price effective from Koha item type
          Koleksioni i përgjithshem UBT - Lipjan UBT - Lipjan Koleksioni i përgjithshem 03/08/2018   342.7303 owe 002-3001301 03/08/2018 03/08/2018 Books
UBT Library © 2015-2024. All rights reserved University Education for Business and Technology